000 00425nam a2200157Ia 4500
008 240729s9999 xx 000 0 und d
022 _a2292-6518
245 0 _aUniversity of Ottawa Journal of Medicine
260 _aCanada
260 _bUniversity of Ottawa
650 _a Medicine (General)
650 _aMedicine
856 _uhttps://doaj.org/toc/51f74da4b1c04e53a12fac4dbcf947ef
942 _2ddc
942 _cDOAJEJ
999 _c70644
_d70644
945 _a1
_bMadushi Gamage
_c1
_dMadushi Gamage